100 things you should know about ancient Egypt
| Main Author: | |
|---|---|
| Format: | Book |
| Published: |
Essex :
Miles Kelly Publishing Ltd. ,
2001
|
| Subjects: |
MARC
| LEADER | 00000cam a2200000 7i4500 | ||
|---|---|---|---|
| 001 | 0000071985 | ||
| 005 | 20040729.0 | ||
| 020 | |a 1902947894 | ||
| 090 | 0 | 0 | |a 001 |b WAL |
| 100 | 1 | |a Walker, Jane | |
| 245 | 1 | 0 | |a 100 things you should know about ancient Egypt |c Jane Walker |
| 260 | |a Essex : |b Miles Kelly Publishing Ltd. , |c 2001 | ||
| 300 | |a 48p. : |b ill. ; |c 31cm. | ||
| 650 | 0 | 0 | |a Ancient |y Egypt |x Juvenile literature |
| 999 | |a 00158929 |b BUKU |c JUNIOR BOOKS |e PERPUSTAKAAN KOMUNITI PETALING JAYA | ||